Inspiring People: (Record no. 5756)

MARC details
000 -LEADER
fixed length control field 00468nam a22001697a 4500
003 - CONTROL NUMBER IDENTIFIER
control field GBCCL
005 - DATE AND TIME OF LATEST TRANSACTION
control field 20241126110549.0
008 - FIXED-LENGTH DATA ELEMENTS--GENERAL INFORMATION
fixed length control field 180405b ||||| |||| 00| 0 eng d
040 ## - CATALOGING SOURCE
Transcribing agency gbc
082 ## - DEWEY DECIMAL CLASSIFICATION NUMBER
Classification number 920.02
Item number REA
110 ## - MAIN ENTRY--CORPORATE NAME
Corporate name or jurisdiction name as entry element Reader's Digest Selection
9 (RLIN) 10404
245 ## - TITLE STATEMENT
Title Inspiring People:
Remainder of title Fifty who made a difference
260 ## - PUBLICATION, DISTRIBUTION, ETC.
Name of publisher, distributor, etc. RDI Print and Publishing Pvt. Ltd.,
Place of publication, distribution, etc. Bombay:
Date of publication, distribution, etc. 1993
300 ## - PHYSICAL DESCRIPTION
Extent 302 p.;
Dimensions 19 cm.
650 ## - SUBJECT ADDED ENTRY--TOPICAL TERM
Topical term or geographic name entry element Biography
9 (RLIN) 1717
942 ## - ADDED ENTRY ELEMENTS (KOHA)
Source of classification or shelving scheme Dewey Decimal Classification
Koha item type Books
Holdings
Withdrawn status Lost status Source of classification or shelving scheme Damaged status Not for loan Home library Current Library Shelving location Date acquired Total checkouts Full call number Barcode Date last seen Copy number Price effective from Koha item type
    Dewey Decimal Classification     GRACE BIBLE COLLEGE GRACE BIBLE COLLEGE General Studies 2018-04-05   920.02 REA 004173 2025-05-01 c.1 2018-04-05 Books
© Grace Bible College Library 2025